Statistics for Geography Mega Generator Puzzle #4

Click here to take the quiz!

General Stats

  • This quiz has been taken 1,532 times
    (1,514 since last reset)
  • The average score is 10 of 22

Answer Stats

hintanswer% Correct
North, Long, Easter...Island
74%
Oceanian countryTonga
63%
AngleterreEngland
62%
Precipitation typeSnow
60%
Asian countryLaos
59%
4.5 billion live hereAsia
56%
CymruWales
55%
Oceanian countrySamoa
54%
Oregon's capitalSalem
53%
Red locationSWAZILAND
46%
6-nation river sourced in ChinaMekong
44%
Duluth's US stateMinnesota
38%
City founded by Pizarro in 1535Lima
37%
Asian countryTaiwan
37%
Asian countryOman
36%
American tri-nation riverAmazon
35%
Copenhagen's islandZealand
35%
European countryEstonia
33%
European countryMalta
31%
End of Appalachian Trail and I-95Maine
30%
Yellow locationKINGSTOWN
29%
Mazatlán's Mexican stateSinaloa
8%

Score Distribution

Percentile by Number Answered

Percent of People with Each Score

Your Score History

You have not taken this quiz since the last reset